| Tag |
First Indicator |
Second Indicator |
Subfields |
| LEADER |
00000cam a22000001a 4500 |
| 001 |
in00003768513 |
| 005 |
20190409171000.0 |
| 006 |
m o d f |
| 007 |
cr bn mmmapmmp |
| 008 |
040322s1910 ph o f000 0 eng d |
| 035 |
|
|
|a ebd1910707291
|
| 040 |
|
|
|a UMI
|c UMI
|d UtOrBLW
|
| 086 |
0 |
|
|a W 49.10/9:37
|
| 099 |
|
|
|a W49.10-21.37
|
| 245 |
0 |
0 |
|a Appointing board to prepare regulations governing carrying of passengers and cargo by vessels engaged in coastwise trade.
|
| 264 |
|
1 |
|a Manila, Philippines :
|b [publisher not identified],
|c 1910.
|
| 300 |
|
|
|a 1 online resource (2 pages)
|
| 336 |
|
|
|a text
|b txt
|2 rdacontent
|
| 337 |
|
|
|a computer
|b c
|2 rdamedia
|
| 338 |
|
|
|a online resource
|b cr
|2 rdacarrier
|
| 490 |
0 |
|
|a Philippine Customs Marine Circ. No. 37
|
| 500 |
|
|
|a [on Philippine customs board organization, with list of board members].
|
| 500 |
|
|
|a Record is based on bibliographic data in ProQuest U.S. Executive Branch Documents, 1910-1932. Reuse except for individual research requires license from ProQuest, LLC.
|
| 533 |
|
|
|a Electronic reproduction.
|b [Bethesda, Md.] :
|c ProQuest,
|d 2012.
|e digital, PDF file.
|n ProQuest U.S. Executive Branch Documents, 1910-1932.
|n Mode of access: World Wide Web via ProQuest website.
|
| 538 |
|
|
|a System requirements: PDF reader software.
|
| 500 |
|
|
|a Electronic resource.
|
| 610 |
1 |
0 |
|a Philippines.
|b Bureau of Customs.
|0 http://id.loc.gov/authorities/names/n85214888
|
| 650 |
|
0 |
|a Cabotage.
|0 http://id.loc.gov/authorities/subjects/sh92002696
|
| 650 |
|
0 |
|a Freight and freightage.
|0 http://id.loc.gov/authorities/subjects/sh85051743
|
| 650 |
|
0 |
|a Passenger ships.
|0 http://id.loc.gov/authorities/subjects/sh85098503
|
| 655 |
|
7 |
|a Electronic books.
|2 local
|
| 710 |
1 |
|
|a Philippines.
|b Bureau of Customs.
|0 http://id.loc.gov/authorities/names/n85214888
|
| 776 |
1 |
8 |
|i Microfiche version:
|t Appointing board to prepare regulations governing carrying of passengers and cargo by vessels engaged in coastwise trade
|o CIS US Exec MF W49.10-21.37
|w (ProQuest)cis19175481
|
| 856 |
4 |
0 |
|u http://proxy.library.tamu.edu/login?url=http://congressional.proquest.com/congressional/docview/t66.d71.w49.10-21.37
|z Connect to the full text of this electronic document
|t 0
|
| 999 |
f |
f |
|s 6ac56dc6-9192-33ac-9be4-81efe04fd610
|i 4d222f56-2335-3d7b-acfb-9fdf35d3179f
|t 0
|
| 952 |
f |
f |
|a Texas A&M University
|b College Station
|c Electronic Resources
|d Available Online
|t 0
|h No information provided
|
| 998 |
f |
f |
|t 0
|l Available Online
|